Statistiques concernant Top 15 des pays avec les décès de Covid-19 - 6 octobre 2021

Cliquez ici pour prendre le quiz!

Statistiques générales

  • Ce quiz a été pris 25 fois
  • Le résultat moyen est 11 sur 25

Statistiques - réponses

pays% Correct
Etats-Unis
95%
France
95%
Brésil
91%
Inde
91%
Italie
86%
Allemagne
82%
Royaume-Uni
82%
Mexique
77%
Russie
73%
Argentine
59%
Colombie
59%
Belgique
50%
Pérou
45%
Afrique du Sud
27%
Indonésie
27%
Iran
27%
Hongrie
18%
Paraguay
14%
Bulgarie
9%
Slovaquie
9%
Slovénie
9%
Tchèquie
9%
Bosnie-Herzégovine
5%
Macédoine du Nord
5%
Géorgie
0%

Distribution des résultats

Percentile par nombre de réponses

% des personnes avec chaque résultat

Votre développement - résultats

Vous n’avez pas pris ce quiz